Résultats des Jeux olympiques en rugby à 7. - Statistiques

Statistiques générales
  • Ce quiz a été pris 353 fois
    216 depuis la dernière actualisation
  • Le résultat moyen est 8 sur 9
Statistiques - réponses
Pays Or Argent Bronze Total % Correct
France 1 1 0 2
100%
Nouvelle-Zélande 2 2 0 4
96%
Fidji 2 1 1 4
92%
Grande-Bretagne 0 1 0 1
92%
Australie 1 0 0 1
90%
Afrique du Sud 0 0 2 2
82%
Etats-Unis 0 0 1 1
78%
Argentine 0 0 1 1
77%
Canada 0 1 1 2
73%
Aucun quiz correspondant
Distribution des résultats
% des personnes avec chaque résultat
Percentile par nombre de réponses
Votre historique - résultats
Vous n’avez pas pris ce quiz depuis la dernière actualisation